| 000 | 00544nam a22001697a 4500 | ||
|---|---|---|---|
| 999 |
_c16647 _d16647 |
||
| 008 | 180207b xxu||||| |||| 00| 0 eng d | ||
| 020 | _a9382676812 | ||
| 050 |
_aKNS80 _b.M57 2014 c. 1 |
||
| 100 | _aMishra, J.P. | ||
| 245 |
_aAn introduction to cyber law _cby J.P. Mishra |
||
| 260 |
_aAllahabad _bCentral law publications _c2014 |
||
| 300 | _axxxi, 419 p. | ||
| 650 |
_aComputer networks _xLaw and legislation _zIndia |
||
| 650 |
_aInternet _xLaw and legislation _zIndia |
||
| 650 |
_aComputer crimes _zIndia |
||
| 942 |
_2lcc _cBK _hKNS80 |
||